Hunter x Hunter: Who Killed Who? Quiz Stats

 Plays Quiz not verified by Sporcle

Score 0/26 Timer 10:00
2 Plays Today
Character Killed By % Correct
UvoginKurapika's Judgment Chain
92.2%
NeferpitouGon
89%
PakunodaKurapika's Judgment Chain
85.7%
MeruemPoor Man's Rose
84.2%
QueenMeruem (in childbirth)
83.9%
NeteroPoor Man's Rose
81.8%
KomugiPoor Man's Rose
81.4%
ShaiapoufPoor Man's Rose
78.6%
MenthuthuyoupiPoor Man's Rose
78.4%
Shadow BeastsUvogin
75.9%
RammotKillua
71%
BodoroKillua
69%
ZazanFeitan
67.8%
Character Killed By % Correct
GerettaHisoka
67.3%
PeggyMeruem
65.8%
PokklePig (after being tortured by Neferpitou)
65.5%
LeolMorel
64.8%
CheetuSilva Zoldyck
61.4%
SqualaNobunaga
60.7%
BaiseShizuku
53.3%
PikeShizuku
52.6%
FlutterKnov
44.4%
TocinoFranklin
44.1%
DalzollenePhinks
43.2%
PonzuSpiky Chimera Ant
42.5%
YunjuKite
41.1%

You're not logged in!

Compare scores with friends on all Sporcle quizzes.
OR
Log In

Show Comments

Extras

Top Quizzes Today


Score Distribution

Your Account Isn't Verified!

In order to create a playlist on Sporcle, you need to verify the email address you used during registration. Go to your Sporcle Settings to finish the process.

Report this User

Report this user for behavior that violates our Community Guidelines.

Details: